Kategoriálna analýza vlastných značiek diplomová práca

Salvato in:
Dettagli Bibliografici
Autore principale: Kiss, Gábor
Ente Autore: Obchodná fakulta EU. Katedra služieb a cestovného ruchu - zrušené
Altri autori: Strážovská, Helena
Natura: Libro
Lingua:slovacco
Pubblicazione: Bratislava 2009
Tags: Aggiungi Tag
Nessun Tag, puoi essere il primo ad aggiungerne!!

MARC

LEADER 00000nam$a2200000$$$4500
001 0099369
005 20240318140144.0
041 0 |a slo 
044 |a SK 
245 1 0 |a Kategoriálna analýza vlastných značiek  |b diplomová práca  |c Gábor Kiss ; škol. Helena Strážovská 
264 1 |a Bratislava  |c 2009 
300 |a 84 s. 
100 1 |a Kiss, Gábor 
700 1 |a Strážovská, Helena 
710 2 |a Obchodná fakulta EU. Katedra služieb a cestovného ruchu - zrušené